000 00793nam a22002057a 4500
010 _aB-065149
035 _aB-065149
037 _bCen Lib / Ret
040 _aDPL
_bEN
082 _a060
_bDIR
110 _bAsian Cultural Centre for Unesco.
245 _aDirectory of cultural organizations and institutions in Asia and the Pacific, 1982. /
_cby Asian Cultural Centre for Unesco.
260 _aTokyo
_bAsian Cultural Centre for UNESCO
_c1982
270 _aAsian Cultural Centre for UNESCO
_bTokyo
300 _a410p ;
_b24cm(Hb)
650 _aAsia -- Learned institutions and societies -- Directories.
650 _aPacific Area -- Learned institutions and societies -- Directories.
650 _aLearned institutions and societies.
942 _2ddc
_cEN
_h060
_mDIR
999 _c136933
_d136933